Original Jolly Ranchers Quiz Stats

 Plays Quiz Updated Nov 4, 2013

     
Support Sporcle.
Go Orange.
Score 0/5 Timer 01:00
0 Plays Today
% Correct
Grape
97%
Cherry
95.8%
Apple
95.3%
Lemon
90.3%
Watermelon
81.8%

From the Vault

Commonest Four-Letter English Words

by boyochels

It's kind of a relief that there are no curse words on this quiz.
Remove Ads.
Support Sporcle.
Get the best of Sporcle when you Go Orange. This ad-free experience offers more features, more stats, and more fun while also helping to support Sporcle. Thank you for becoming a member.

Show Comments

Extras

Top Quizzes Today


Score Distribution

Your Account Isn't Verified!

In order to create a playlist on Sporcle, you need to verify the email address you used during registration. Go to your Sporcle Settings to finish the process.

Report this User

Report this user for behavior that violates our Community Guidelines.

Details: